000 00292nam a2200121 i 4500
001 bg
245 0 _aI Sympozjum na temat "Zagadnienia pełzania materiałów".
260 _aBiałystok,
_c1983.
040 _cBPK
041 _apol
942 _cKS
008 s pl f |000 0 pol
999 _c22644
_d22644
856 _uhttp://koha.tu.koszalin.pl/cgi-bin/koha/opac-detail.pl?biblionumber=22644
_yKatalog online BPK